Software Open Access

Automated pulp-level control in laboratory scale froth flotation

Loli Salcedo, Romel Enrique


MARC21 XML Export

<?xml version='1.0' encoding='UTF-8'?>
<record xmlns="http://www.loc.gov/MARC21/slim">
  <leader>00000nmm##2200000uu#4500</leader>
  <datafield tag="980" ind1=" " ind2=" ">
    <subfield code="a">software</subfield>
  </datafield>
  <datafield tag="856" ind1="4" ind2=" ">
    <subfield code="s">5726</subfield>
    <subfield code="u">https://rodare.hzdr.de/record/4658/files/automatic control.py</subfield>
    <subfield code="z">md5:e16b44651b2788e3cf73c3c736f60b3d</subfield>
  </datafield>
  <datafield tag="856" ind1="4" ind2=" ">
    <subfield code="s">8477</subfield>
    <subfield code="u">https://rodare.hzdr.de/record/4658/files/automatic control upgraded.py</subfield>
    <subfield code="z">md5:d27ec35959a69a9023955f5d281e98eb</subfield>
  </datafield>
  <datafield tag="856" ind1="4" ind2=" ">
    <subfield code="s">8178</subfield>
    <subfield code="u">https://rodare.hzdr.de/record/4658/files/five-point piecewise calibration.py</subfield>
    <subfield code="z">md5:baa6e20e380c5e299d4a7a45ffa09790</subfield>
  </datafield>
  <datafield tag="856" ind1="4" ind2=" ">
    <subfield code="s">3519</subfield>
    <subfield code="u">https://rodare.hzdr.de/record/4658/files/two-point calibration.py</subfield>
    <subfield code="z">md5:f0d37ae085876fe0b6fa7ff9f40017ff</subfield>
  </datafield>
  <controlfield tag="005">20260512060637.0</controlfield>
  <datafield tag="540" ind1=" " ind2=" ">
    <subfield code="u">https://creativecommons.org/licenses/by/4.0/legalcode</subfield>
    <subfield code="a">Creative Commons Attribution 4.0 International</subfield>
  </datafield>
  <controlfield tag="001">4658</controlfield>
  <datafield tag="041" ind1=" " ind2=" ">
    <subfield code="a">eng</subfield>
  </datafield>
  <datafield tag="260" ind1=" " ind2=" ">
    <subfield code="c">2026-05-11</subfield>
  </datafield>
  <datafield tag="024" ind1=" " ind2=" ">
    <subfield code="a">10.14278/rodare.4658</subfield>
    <subfield code="2">doi</subfield>
  </datafield>
  <datafield tag="650" ind1="1" ind2="7">
    <subfield code="a">cc-by</subfield>
    <subfield code="2">opendefinition.org</subfield>
  </datafield>
  <datafield tag="100" ind1=" " ind2=" ">
    <subfield code="a">Loli Salcedo, Romel Enrique</subfield>
  </datafield>
  <datafield tag="909" ind1="C" ind2="O">
    <subfield code="o">oai:rodare.hzdr.de:4658</subfield>
    <subfield code="p">software</subfield>
    <subfield code="p">user-rodare</subfield>
  </datafield>
  <datafield tag="520" ind1=" " ind2=" ">
    <subfield code="a">&lt;p&gt;This code package contains the Python scripts used for automated pulp-level control in a lab-scale batch flotation cell. The scripts were developed for a Raspberry Pi-based control system using a Milone eTape level sensor, ADS1115 analog-to-digital converter, and EZO-PMP-L peristaltic pump. The system measures the pulp-froth interface level, compares it with a user-defined setpoint, and adds make-up water through the pump to maintain the target level during flotation experiments.&lt;/p&gt;

&lt;p&gt;The package includes two calibration scripts used to generate the calibration file required by the control scripts. The&amp;nbsp;&lt;strong&gt;two-point calibration&lt;/strong&gt;&amp;nbsp;script represents the initial calibration approach, where a linear relationship between sensor voltage and level was calculated from two reference points. The&amp;nbsp;&lt;strong&gt;five-point piecewise calibration&lt;/strong&gt;&amp;nbsp;script represents the refined calibration method, where five reference levels were used to better describe the nonlinear response of the eTape sensor over the operating range.&lt;/p&gt;

&lt;p&gt;The package also includes the file&amp;nbsp;&lt;strong&gt;Automatic Control.py, it&amp;nbsp;&lt;/strong&gt;contains the base control script without EWMA filtering.&amp;nbsp;The file&amp;nbsp;&lt;strong&gt;Automatic control upgraded.py&lt;/strong&gt;&amp;nbsp;contains the upgraded control version with five-point piecewise calibration and EWMA signal filtering. Both scripts include real-time plotting and CSV logging of level, error, and pump output for later analysis.&lt;/p&gt;

&lt;p&gt;These scripts were used as part of the thesis work on automated lab-scale pulp-froth interface level control for improving reproducibility in batch flotation experiments.&lt;/p&gt;

&lt;p&gt;&amp;nbsp;&lt;/p&gt;</subfield>
  </datafield>
  <datafield tag="542" ind1=" " ind2=" ">
    <subfield code="l">open</subfield>
  </datafield>
  <datafield tag="980" ind1=" " ind2=" ">
    <subfield code="a">user-rodare</subfield>
  </datafield>
  <datafield tag="245" ind1=" " ind2=" ">
    <subfield code="a">Automated pulp-level control in laboratory scale froth flotation</subfield>
  </datafield>
  <datafield tag="773" ind1=" " ind2=" ">
    <subfield code="a">https://www.hzdr.de/publications/Publ-43382</subfield>
    <subfield code="i">isIdenticalTo</subfield>
    <subfield code="n">url</subfield>
  </datafield>
  <datafield tag="773" ind1=" " ind2=" ">
    <subfield code="a">10.14278/rodare.4657</subfield>
    <subfield code="i">isVersionOf</subfield>
    <subfield code="n">doi</subfield>
  </datafield>
</record>
51
18
views
downloads
All versions This version
Views 5151
Downloads 1818
Data volume 117.5 kB117.5 kB
Unique views 4747
Unique downloads 1818

Share

Cite as